Online Catalogue and eLibrary

Untouchability in rural India / (Record no. 149)

MARC details
000 -LEADER
fixed length control field 00802cam a2200253 a 4500
001 - CONTROL NUMBER
control field 14410226
005 - DATE AND TIME OF LATEST TRANSACTION
control field 20231205041806.0
008 - FIXED-LENGTH DATA ELEMENTS--GENERAL INFORMATION
fixed length control field 060612s2006 ii a b 001 0ceng
020 ## - INTERNATIONAL STANDARD BOOK NUMBER
ISBN 076193507X (paper back)
020 ## - INTERNATIONAL STANDARD BOOK NUMBER
ISBN 8178296624 (India : pb)
020 ## - INTERNATIONAL STANDARD BOOK NUMBER
ISBN 9780761935070
020 ## - INTERNATIONAL STANDARD BOOK NUMBER
ISBN 9788178296623
040 ## - CATALOGING SOURCE (பட்டியலாக்க மூலம்)
Original cataloging agency DLC
Transcribing agency DLC
Modifying agency C#P
-- BAKER
-- YDXCP
-- OCLCQ
-- DLC
082 00 - DDC Classification
Class No. 305.5/68
DDC Edition Number 22
245 00 - TITLE STATEMENT
Title Untouchability in rural India /
Statement of responsibility, etc. Ghanshyam Shah .
260 ## - PUBLICATION, DISTRIBUTION, ETC.
Place of publication, distribution, etc. New Delhi ;
-- Thousand Oaks, Calif. :
Name of publisher, distributor, etc. Sage Publications,
Date of publication, distribution, etc. 2006.
300 ## - PHYSICAL DESCRIPTION
Extent (e.g. Volumes, Pages etc.) 216 p. :
650 #0 - SUBJECT ADDED ENTRY--TOPICAL TERM
Topical term or geographic name entry element Caste
650 #0 - SUBJECT ADDED ENTRY--TOPICAL TERM
Topical term or geographic name entry element Dalits
700 1# - ADDED ENTRY--PERSONAL NAME
Personal name Shah, Ghanshyam.
Relator term (Role) Editor
856 41 - ELECTRONIC LOCATION AND ACCESS
Uniform Resource Identifier <a href="http://www.loc.gov/catdir/toc/ecip0616/2006019476.html">http://www.loc.gov/catdir/toc/ecip0616/2006019476.html</a>
856 42 - ELECTRONIC LOCATION AND ACCESS
Uniform Resource Identifier <a href="http://www.loc.gov/catdir/enhancements/fy0704/2006019476-d.html">http://www.loc.gov/catdir/enhancements/fy0704/2006019476-d.html</a>
942 ## - Koha item type (Biblio)
Koha item type Books in Stacks (Lending)
Holdings
Lost status Damaged status Collection code Home library Current library Date acquired Full call number Accession Number Item type
    Lending WERC Library WERC Library 12/05/2023 305.5/68 6258 Books in Stacks (Lending)

© WERC Library